000 00356 a2200169 4500
001 187711
020 _a978-85-08-09215-4
040 _cMagnum
100 _aYoung, Amy
240 1 0 _aBelinda, a bailarina
_lpor
245 1 0 _aBelinda, a bailarina
300 _a32
362 0 _a2008
440 1 _aÁtica
697 _aLITERATURA INFANTO
942 _cBK
999 _c187711
_d187711